000 00333nam a2200157Ia 4500
001 8313
003 GE_BSU
008 181216s||||||||xx |||||||||||||| ||und||
040 _cGE_BSU
245 _aLe Point, №2147 7 novembre 2013.
260 _aParis.
260 _c2013
300 _a98pg.27cm.
653 _aLe Point
942 _cCR
999 _c41644
_d41644